000 00751nam a2200253 i 4500
001 C2-0241845
003 PPAK
005 20180727204047.0
008 020818s1991 my a|||| ||||| | may d
022 _a0128-2832
040 _aPPAK
_beng
_cPPAK
_erda
082 0 4 _a370.5
_223
090 0 0 _a370.5
_bJUR
_dKAM
090 0 0 _a370.5
_bJUR
_dKK
245 0 0 _aJurnal pengurusan pendidikan :
_bInstitut Aminuddin Baki Kementerian Pendidikan Malaysia
264 1 _aPahang :
_bInstitut Aminuddin Baki ,
_c1991
300 _a51 pages :
_bcolour illustrations ;
_c25 cm
336 _2rdacontent
_atext
337 _2rdamedia
_aunmediated
338 _2rdacarrier
_avolume
500 _aJil. 2, Bil. 1
650 1 0 _aEducational publishing
942 _ddc
_cB
999 _c56742
_d56742